000 00381nam a22001697a 4500
003 MPLRDC
005 20220104114623.0
008 210129b ||||| |||| 00| 0 eng d
082 _a857.623 ML-2 v.2
100 _a孟浪著
245 _a魔域翡翠
_c
250 _a初版
260 _a
_b金刚出版社
_c1992
300 _b
650 _a
942 _cBK
_o857.623 ML-2 v.2
999 _c8909
_d8899